<?xml version="1.0" encoding="UTF-8"?>
<record
    xmlns:xsi="http://www.w3.org/2001/XMLSchema-instance"
    xsi:schemaLocation="http://www.loc.gov/MARC21/slim http://www.loc.gov/standards/marcxml/schema/MARC21slim.xsd"
    xmlns="http://www.loc.gov/MARC21/slim">

  <leader>00974nam a2200253Ia 4500</leader>
  <controlfield tag="003">OSt</controlfield>
  <controlfield tag="005">20241018151308.0</controlfield>
  <controlfield tag="008">200731s9999    xx            000 0 und d</controlfield>
  <datafield tag="020" ind1=" " ind2=" ">
    <subfield code="a">7500462042</subfield>
  </datafield>
  <datafield tag="020" ind1=" " ind2=" ">
    <subfield code="a">9787500462040</subfield>
  </datafield>
  <datafield tag="040" ind1=" " ind2=" ">
    <subfield code="c">0</subfield>
  </datafield>
  <datafield tag="041" ind1=" " ind2=" ">
    <subfield code="a">chi</subfield>
  </datafield>
  <datafield tag="050" ind1=" " ind2=" ">
    <subfield code="a">BV3420.S6</subfield>
    <subfield code="b">.W368 2007</subfield>
  </datafield>
  <datafield tag="100" ind1=" " ind2=" ">
    <subfield code="a">&#x738B;&#x96EA;</subfield>
  </datafield>
  <datafield tag="245" ind1=" " ind2=" ">
    <subfield code="a">&#x57FA;&#x7763;&#x6559;&#x8207;&#x965D;&#x897F;</subfield>
    <subfield code="b"> /</subfield>
    <subfield code="c">&#x738B;&#x96EA;</subfield>
  </datafield>
  <datafield tag="246" ind1=" " ind2=" ">
    <subfield code="a">&#x57FA;&#x7763;&#x6559;&#x4E0E;&#x9655;&#x897F;</subfield>
    <subfield code="b">/</subfield>
  </datafield>
  <datafield tag="260" ind1=" " ind2=" ">
    <subfield code="a">&#x5317;&#x4EAC;:</subfield>
    <subfield code="b">&#x4E2D;&#x56FD;&#x793E;&#x4F1A;&#x79D1;&#x5B66;&#x51FA;&#x7248;&#x793E;, </subfield>
    <subfield code="c">2007</subfield>
  </datafield>
  <datafield tag="300" ind1=" " ind2=" ">
    <subfield code="a">4, 4, 311 p. :</subfield>
    <subfield code="b">ill. ;</subfield>
    <subfield code="c">21 cm.</subfield>
  </datafield>
  <datafield tag="505" ind1=" " ind2=" ">
    <subfield code="a">&#x300A;&#x57FA;&#x7763;&#x6559;&#x4E0E;&#x9655;&#x897F;&#x300B;&#x662F;&#x201C;&#x9655;&#x897F;&#x7701;&#x54F2;&#x5B66;&#x793E;&#x4F1A;&#x79D1;&#x5B66;&#x89C4;&#x5212;&#x9879;&#x76EE;&#x201D;&#xFF0C;&#x91CD;&#x70B9;&#x7814;&#x7A76;&#x57FA;&#x7763;&#x6559;&#x5728;&#x9655;&#x897F;&#x7684;&#x53D1;&#x5C55;&#x6CBF;&#x9769;&#x53CA;&#x5BF9;&#x9655;&#x897F;&#x5730;&#x533A;&#x6559;&#x80B2;&#x3001;&#x533B;&#x836F;&#x536B;&#x751F;&#x4E0E;&#x6148;&#x5584;&#x798F;&#x5229;&#x4E8B;&#x4E1A;&#x4EE5;&#x53CA;&#x793E;&#x4F1A;&#x98CE;&#x6C14;&#x7B49;&#x5404;&#x65B9;&#x9762;&#x7684;&#x5F71;&#x54CD;&#x3002;&#x300A;&#x57FA;&#x7763;&#x6559;&#x4E0E;&#x9655;&#x897F;&#x300B;&#x53EF;&#x4F9B;&#x76F8;&#x5173;&#x5DE5;&#x4F5C;&#x4EBA;&#x5458;&#x9605;&#x8BFB;&#x6216;&#x53C2;&#x8003;&#x3002;</subfield>
  </datafield>
  <datafield tag="650" ind1=" " ind2=" ">
    <subfield code="a">Christianity China Shaanxi Sheng History.</subfield>
  </datafield>
  <datafield tag="650" ind1=" " ind2=" ">
    <subfield code="a">Church history.</subfield>
  </datafield>
  <datafield tag="650" ind1=" " ind2=" ">
    <subfield code="a">Missions China Shaanxi Sheng History.</subfield>
  </datafield>
  <datafield tag="942" ind1=" " ind2=" ">
    <subfield code="2">ddc</subfield>
    <subfield code="c">CB</subfield>
  </datafield>
  <datafield tag="952" ind1=" " ind2=" ">
    <subfield code="0">0</subfield>
    <subfield code="1">0</subfield>
    <subfield code="4">0</subfield>
    <subfield code="7">0</subfield>
    <subfield code="a">GETS</subfield>
    <subfield code="b">GETS</subfield>
    <subfield code="c">GEN</subfield>
    <subfield code="d">2020-07-09</subfield>
    <subfield code="l">0</subfield>
    <subfield code="o">BV3420.S6 .W368 2007</subfield>
    <subfield code="p">00000190</subfield>
    <subfield code="r">2020-07-09 00:00:00</subfield>
    <subfield code="w">2020-07-09</subfield>
    <subfield code="y">CB</subfield>
  </datafield>
  <datafield tag="999" ind1=" " ind2=" ">
    <subfield code="c">190</subfield>
    <subfield code="d">190</subfield>
  </datafield>
</record>
